[Event "SRB-chT 2nd League"]
[Site "Vrnjacka Banja"]
[Date "2022.11.11"]
[Round "11.3"]
[White "Vranic, Ljubomir"]
[Black "Maravic, Milorad"]
[Result "1-0"]
[WhiteElo "2077"]
[BlackElo "2191"]
[PlyCount "115"]
[EventDate "2022.11.04"]
[EventType "team-tourn"]
[EventRounds "11"]
[EventCountry "SRB"]
[SourceTitle "CBM 211 Extra"]
[Source "ChessBase"]
[SourceDate "2023.01.31"]
[SourceVersion "1"]
[SourceVersionDate "2023.01.31"]
[SourceQuality "1"]
[WhiteTeam "Senta"]
[BlackTeam "Pacir Backa"]
[WhiteTeamCountry "SRB"]
[BlackTeamCountry "SRB"]

1. d4 d5 2. Nf3 Nf6 3. c4 c6 4. Nc3 e6 5. cxd5 exd5 6. Bg5 Be7 7. e3 Bg4 8. h3 Bxf3 9. Qxf3 Nbd7 10. Bd3 0-0 11. 0-0 Re8 12. Bf4 Nf8 13. Rab1 a5 14. Rfc1 Ng6 15. Bg3 Bd6 16. Na4 Bxg3 17. Qxg3 Nd7 18. Bf5 Ngf8 19. Rc3 Qb8 20. Qxb8 Raxb8 21. Rbc1 g6 22. Bxd7 Nxd7 23. Rb3 Re7 24. Nc5 Nxc5 25. Rxc5 Ra8 26. Ra3 a4 27. b3 Rc7 28. Kf1 Kf8 29. Ke2 Ke7 30. Kd3 f5 31. Rc1 h5 32. h4 Kd6 33. Rxa4 Rxa4 34. bxa4 b6 35. Rb1 Ra7 36. Rxb6 Rxa4 37. Rb2 Ra3+ 38. Ke2 Ra6 39. Kf3 c5 40. dxc5+ Kxc5 41. Rc2+ Kd6 42. g3 Ke5 43. a4 Rxa4 44. Rc6 Rg4 45. Kg2 Rc4 46. Rxg6 d4 47. exd4+ Rxd4 48. Rg5 Ke4 49. Rxh5 f4 50. f3+ Kd3 51. Re5 fxg3 52. Kxg3 Rd8 53. Kg4 Rg8+ 54. Rg5 Re8 55. h5 Re1 56. h6 Rg1+ 57. Kf5 Rh1 58. Kg6 1-0

[Event "SRB-chT 2nd League"]
[Site "Vrnjacka Banja"]
[Date "2022.11.09"]
[Round "8.3"]
[White "Vranic, Ljubomir"]
[Black "Cuzovic, Ognjen"]
[Result "1-0"]
[WhiteElo "2077"]
[BlackElo "2003"]
[PlyCount "103"]
[EventDate "2022.11.04"]
[EventType "team-tourn"]
[EventRounds "11"]
[EventCountry "SRB"]
[SourceTitle "CBM 211 Extra"]
[Source "ChessBase"]
[SourceDate "2023.01.31"]
[SourceVersion "1"]
[SourceVersionDate "2023.01.31"]
[SourceQuality "1"]
[WhiteTeam "Senta"]
[BlackTeam "Petrovaradin Kraljica"]
[WhiteTeamCountry "SRB"]
[BlackTeamCountry "SRB"]

1. d4 d5 2. c4 e6 3. Nc3 Nf6 4. cxd5 exd5 5. Bg5 Be7 6. e3 Bf5 7. Qb3 Nbd7 8. Nf3 Nb6 9. a4 a5 10. Be2 0-0 11. 0-0 Ne4 12. Bxe7 Qxe7 13. Rfc1 Nd6 14. Nd2 Be6 15. Bf3 Qg5 16. Nb5 Nbc4 17. Qc3 Nxd2 18. Qxd2 Nc4 19. Qe2 c6 20. Nc3 f5 21. g3 Rae8 22. b3 Nd6 23. Bg2 Ne4 24. Nd1 Bf7 25. Qe1 Qd8 26. f3 Nd6 27. Ra2 Re6 28. Re2 Rfe8 29. Rc3 Bg6 30. Nf2 f4 31. gxf4 Nf5 32. Bh3 Nxd4 33. Bxe6+ Nxe6 34. Ng4 d4 35. exd4 Qxd4+ 36. Kh1 Bf5 37. Rce3 Qxf4 38. h3 h5 39. Nh2 Qh6 40. h4 Kf7 41. Qxa5 Qf6 42. Qb4 Re7 43. Re5 Rd7 44. Re1 Bh3 45. Qe4 Rd4 46. Qe3 Rxh4 47. Re4 Nf4 48. Rxf4 Qxf4 49. Qe8+ Kf6 50. Qf8+ Kg6 51. Rg1+ Bg4 52. Qxf4 1-0

[Event "SRB-chT 2nd League"]
[Site "Vrnjacka Banja"]
[Date "2022.11.06"]
[Round "4.1"]
[White "Bulajic, Ratko"]
[Black "Vranic, Ljubomir"]
[Result "1-0"]
[WhiteElo "2033"]
[BlackElo "2077"]
[PlyCount "79"]
[EventDate "2022.11.04"]
[EventType "team-tourn"]
[EventRounds "11"]
[EventCountry "SRB"]
[SourceTitle "CBM 211 Extra"]
[Source "ChessBase"]
[SourceDate "2023.01.31"]
[SourceVersion "1"]
[SourceVersionDate "2023.01.31"]
[SourceQuality "1"]
[WhiteTeam "Sombor"]
[BlackTeam "Senta"]
[WhiteTeamCountry "SRB"]
[BlackTeamCountry "SRB"]

1. d4 Nf6 2. c4 d6 3. Nf3 Nbd7 4. Nc3 e5 5. g3 Be7 6. Bg2 0-0 7. 0-0 Re8 8. e4 Bf8 9. h3 c6 10. Re1 Qc7 11. Be3 a6 12. Rc1 Qb8 13. a4 b5 14. axb5 axb5 15. cxb5 cxb5 16. dxe5 dxe5 17. Qb3 b4 18. Nd5 Nxd5 19. exd5 h6 20. Rc6 Bb7 21. Rec1 Ra5 22. Nd2 Bxc6 23. dxc6 Nc5 24. Qc4 Rc8 25. Qg4 Ne6 26. Ne4 Kh8 27. Qf5 Qc7 28. Nf6 g6 29. Qe4 Qd6 30. Qh4 Nd4 31. Bxh6 Nf5 32. Bxf8+ Nxh4 33. Bxd6 Nxg2 34. Kxg2 Ra6 35. Rc4 Rcxc6 36. Rh4+ Kg7 37. Bxe5 g5 38. Rg4 Kh6 39. h4 Ra5 40. Rxg5 1-0

[Event "Vojvodina-chT 21st"]
[Site "Backa Palanka"]
[Date "2021.10.28"]
[Round "8.6"]
[White "Andrejevic, Milorad"]
[Black "Vranic, Ljubomir"]
[Result "0-1"]
[WhiteElo "2213"]
[BlackElo "2127"]
[PlyCount "110"]
[EventDate "2021.10.23"]
[EventType "team-tourn"]
[EventRounds "11"]
[EventCountry "SRB"]
[SourceTitle "CBM 204 Extra"]
[Source "ChessBase"]
[SourceDate "2021.11.30"]
[SourceVersion "1"]
[SourceVersionDate "2021.11.30"]
[SourceQuality "1"]
[WhiteTeam "Mladenovo"]
[BlackTeam "Senta"]
[WhiteTeamCountry "SRB"]
[BlackTeamCountry "SRB"]

1. Nf3 Nf6 2. d4 d6 3. c4 c6 4. Nc3 Qc7 5. e4 Nbd7 6. Be2 e5 7. 0-0 Be7 8. Re1 0-0 9. Bf1 Rd8 10. h3 Nf8 11. d5 c5 12. Rb1 Bd7 13. b4 cxb4 14. Rxb4 b6 15. Be3 Rdc8 16. Qb1 Be8 17. a4 N8d7 18. a5 Rcb8 19. axb6 axb6 20. Nd2 Nc5 21. Qb2 Nfd7 22. Rb1 Qc8 23. Qc2 Ra6 24. Nb3 Rba8 25. Nxc5 bxc5 26. Rb7 R6a7 27. Rxa7 Rxa7 28. Be2 Rb7 29. Ra1 Qb8 30. Nb5 Nb6 31. Ra6 Nxc4 32. Qa2 Nb6 33. Na7 Nc8 34. Nc6 Bxc6 35. dxc6 Ra7 36. Bg4 Rxa6 37. Qxa6 Na7 38. Qb7 Qxb7 39. cxb7 Nc6 40. Kf1 Bd8 41. Bd7 Nb8 42. Bb5 Kf8 43. f4 f6 44. fxe5 fxe5 45. Ke2 h6 46. Kd3 Ke7 47. Kc4 Ke6 48. Bd2 Bb6 49. Kb3 d5 50. exd5+ Kxd5 51. Be3 Bc7 52. Bf2 e4 53. Be3 g5 54. Bd2 Bf4 55. Be1 Nc6 0-1

[Event "Vojvodina-chT 21st"]
[Site "Backa Palanka"]
[Date "2021.10.26"]
[Round "6.6"]
[White "Ivancevic, Bozidar"]
[Black "Vranic, Ljubomir"]
[Result "0-1"]
[WhiteElo "2076"]
[BlackElo "2127"]
[PlyCount "94"]
[EventDate "2021.10.23"]
[EventType "team-tourn"]
[EventRounds "11"]
[EventCountry "SRB"]
[SourceTitle "CBM 204 Extra"]
[Source "ChessBase"]
[SourceDate "2021.11.30"]
[SourceVersion "1"]
[SourceVersionDate "2021.11.30"]
[SourceQuality "1"]
[WhiteTeam "Rastina Polet"]
[BlackTeam "Senta"]
[WhiteTeamCountry "SRB"]
[BlackTeamCountry "SRB"]

1. Nf3 Nf6 2. b3 d6 3. Bb2 e5 4. d3 g6 5. g3 Bg7 6. Bg2 0-0 7. 0-0 Re8 8. Nbd2 c5 9. e3 Nc6 10. e4 Bd7 11. Nc4 Qc7 12. Ne3 b5 13. Nd2 a5 14. c4 bxc4 15. Ndxc4 Nd4 16. Bc3 a4 17. b4 Nb5 18. Bd2 Be6 19. Rb1 Reb8 20. f4 Nd7 21. f5 Bxc4 22. dxc4 Na3 23. Nd5 Qd8 24. Rc1 cxb4 25. fxg6 fxg6 26. Nxb4 Kh8 27. Kh1 Qg8 28. Nc6 Rb2 29. Bc3 Rxg2 30. Kxg2 Nxc4 31. Bd2 Nc5 32. Qc2 Nxd2 33. Qxd2 Nxe4 34. Qb4 Qxa2+ 35. Kg1 Ng5 36. Qg4 Ne6 37. Nb4 Qb3 38. Rf3 h5 39. Qe4 d5 40. Qxd5 Qxd5 41. Nxd5 e4 42. Rff1 a3 43. Ra1 Bxa1 44. Rxa1 Nc5 45. Ra2 Nd3 46. Nb6 Nb4 47. Ra1 Ra6 0-1

[Event "Senta op 25th"]
[Site "Senta"]
[Date "2021.07.21"]
[Round "6"]
[White "Vranic, Ljubomir"]
[Black "Asylov, Miras"]
[Result "1-0"]
[WhiteElo "2147"]
[BlackElo "1957"]
[PlyCount "89"]
[EventDate "2021.07.17"]
[EventType "swiss"]
[EventRounds "9"]
[EventCountry "SRB"]
[SourceTitle "EXT 2022"]
[Source "ChessBase"]
[SourceDate "2021.10.06"]
[SourceVersion "1"]
[SourceVersionDate "2021.10.06"]
[SourceQuality "1"]

1. d4 Nf6 2. c4 g6 3. Nc3 Bg7 4. e4 d6 5. f3 0-0 6. Be3 c5 7. Nge2 Nc6 8. Qd2 Qa5 9. d5 Ne5 10. Nc1 a6 11. Be2 Rb8 12. a4 Ne8 13. Ra3 f5 14. N1a2 Nf6 15. 0-0 Bd7 16. exf5 gxf5 17. Bh6 Rf7 18. Bxg7 Rxg7 19. f4 Neg4 20. h3 Nh6 21. Qe1 Kh8 22. Bf3 Rbg8 23. Qh4 Rg6 24. Re1 Qd8 25. Rb3 Bc8 26. Nc1 Nf7 27. Kf1 R8g7 28. Re3 Rh6 29. Qe1 Ng4 30. Rxe7 Nge5 31. fxe5 Qxe7 32. e6 Ne5 33. Qe3 Rhg6 34. Qf4 Nxf3 35. gxf3 Bxe6 36. dxe6 Rg1+ 37. Ke2 Qxe6+ 38. Kd3 b5 39. axb5 axb5 40. Rxb5 h5 41. N1e2 R1g2 42. Rb8+ Kh7 43. Rf8 Kg6 44. Qh4 Rxe2 45. Nxe2 1-0

[Event "Senta op 25th"]
[Site "Senta"]
[Date "2021.07.18"]
[Round "3"]
[White "Sajin, Mirko"]
[Black "Vranic, Ljubomir"]
[Result "1/2-1/2"]
[WhiteElo "1931"]
[BlackElo "2147"]
[PlyCount "90"]
[EventDate "2021.07.17"]
[EventType "swiss"]
[EventRounds "9"]
[EventCountry "SRB"]
[SourceTitle "EXT 2022"]
[Source "ChessBase"]
[SourceDate "2021.10.06"]
[SourceVersion "1"]
[SourceVersionDate "2021.10.06"]
[SourceQuality "1"]

1. e4 e6 2. d3 d5 3. Nd2 e5 4. g3 Nf6 5. Bg2 Bc5 6. exd5 Nxd5 7. Ngf3 0-0 8. 0-0 Nc6 9. Re1 Re8 10. Nc4 f6 11. Ne3 Be6 12. Nxd5 Bxd5 13. Be3 Qd6 14. a3 Rad8 15. Qd2 Ne7 16. Rad1 Nf5 17. Bxc5 Qxc5 18. c4 Bxf3 19. Bxf3 Nd4 20. Bg2 a5 21. Kh1 c6 22. f4 Kf8 23. fxe5 Rxe5 24. Rxe5 Qxe5 25. Re1 Qc7 26. Be4 g6 27. Qh6+ Qg7 28. Qd2 Ra8 29. Qf2 f5 30. g4 Re8 31. gxf5 gxf5 32. Rf1 Re7 33. Qf4 Qe5 34. Bxf5 Qxf4 35. Rxf4 Re1+ 36. Kg2 Nxf5 37. Rxf5+ Kg7 38. b4 axb4 39. axb4 Rd1 40. c5 Rxd3 41. Rf4 h5 42. h3 Kg6 43. Kh2 Rb3 44. h4 Rd3 45. Kg2 Rd5 1/2-1/2

[Event "Battle of Senta op 24th"]
[Site "Senta"]
[Date "2020.07.16"]
[Round "7"]
[White "Muskinja, Luka"]
[Black "Vranic, Ljubomir"]
[Result "0-1"]
[WhiteElo "2057"]
[BlackElo "2137"]
[PlyCount "126"]
[EventDate "2020.07.11"]
[EventType "swiss"]
[EventRounds "9"]
[EventCountry "SRB"]
[SourceTitle "CBM 197 Extra"]
[Source "ChessBase"]
[SourceDate "2020.09.30"]
[SourceVersion "1"]
[SourceVersionDate "2020.09.30"]
[SourceQuality "1"]

1. Nf3 Nf6 2. d4 d6 3. b3 g6 4. Bb2 Bg7 5. e3 0-0 6. Be2 Nbd7 7. 0-0 e5 8. dxe5 Ng4 9. c4 Re8 10. Nc3 dxe5 11. h3 Ngf6 12. Qd2 c6 13. Rad1 Qe7 14. Qd6 Qxd6 15. Rxd6 Bf8 16. Rdd1 a5 17. Na4 Rb8 18. Nc3 Nc5 19. Nd2 Bf5 20. g4 Bc2 21. Rc1 Bd3 22. Bxd3 Nxd3 23. Rc2 Bg7 24. Ba1 h6 25. Rd1 Nd7 26. Nde4 N7c5 27. Rcd2 Nxe4 28. Nxe4 Nb4 29. Bc3 b6 30. a3 Na6 31. Rd6 Rbc8 32. Rd7 Rc7 33. Rd8 Kf8 34. R8d6 Nb8 35. c5 Rb7 36. cxb6 Rxb6 37. b4 axb4 38. Bxb4 Kg8 39. Nc5 Na6 40. Rd8 Rxd8 41. Rxd8+ Kh7 42. Nxa6 Rxa6 43. Rd7 Kg8 44. Rd8+ Kh7 45. Kg2 f5 46. gxf5 gxf5 47. Rd7 Kg6 48. Be7 e4 49. Bc5 Be5 50. Rb7 Ra5 51. Bb4 Rb5 52. Rxb5 cxb5 53. f3 Kf7 54. fxe4 fxe4 55. Kf2 Ke6 56. Ke2 Kd5 57. Kd2 Kc4 58. Kc2 h5 59. Bf8 Bc7 60. Bb4 Bb6 61. Bd2 Ba7 62. Bc1 Bc5 63. Kb2 Kd3 0-1

[Event "Battle of Senta op 24th"]
[Site "Senta"]
[Date "2020.07.14"]
[Round "5"]
[White "Kostic, Milutin B"]
[Black "Vranic, Ljubomir"]
[Result "1-0"]
[WhiteElo "2144"]
[BlackElo "2137"]
[PlyCount "61"]
[EventDate "2020.07.11"]
[EventType "swiss"]
[EventRounds "9"]
[EventCountry "SRB"]
[SourceTitle "CBM 197 Extra"]
[Source "ChessBase"]
[SourceDate "2020.09.30"]
[SourceVersion "1"]
[SourceVersionDate "2020.09.30"]
[SourceQuality "1"]

1. Nf3 Nf6 2. d4 d6 3. g3 Nbd7 4. Bg2 e5 5. c4 c6 6. Nc3 Qc7 7. 0-0 Be7 8. e4 Nf8 9. Re1 Ng6 10. Qc2 Bg4 11. Be3 Qc8 12. Rac1 h5 13. Ng5 Bd7 14. f3 h4 15. Ne2 hxg3 16. hxg3 Nh5 17. d5 c5 18. Kf2 Nhf4 19. gxf4 exf4 20. Nxf4 Bxg5 21. Nxg6 Bxe3+ 22. Rxe3 fxg6 23. e5 Bf5 24. exd6+ Kf8 25. Qc3 Qd8 26. Re7 Rh7 27. Qe5 Qa5 28. Re1 Qd2+ 29. Re2 Qd4+ 30. Qxd4 cxd4 31. d7 1-0

[Event "Subotica-ch op"]
[Site "Subotica"]
[Date "2020.03.13"]
[Round "9"]
[White "Zvicer, Djordjije"]
[Black "Vranic, Ljubomir"]
[Result "1-0"]
[WhiteElo "2111"]
[BlackElo "2179"]
[PlyCount "113"]
[EventDate "2020.02.24"]
[EventType "swiss"]
[EventRounds "9"]
[EventCountry "SRB"]
[SourceTitle "CBM 195 Extra"]
[Source "ChessBase"]
[SourceDate "2020.05.31"]
[SourceVersion "1"]
[SourceVersionDate "2020.05.31"]
[SourceQuality "1"]

1. e4 d6 2. d4 Nf6 3. Nc3 g6 4. f4 Bg7 5. Nf3 0-0 6. Be3 Na6 7. Qd2 c5 8. dxc5 Nxc5 9. e5 Nfe4 10. Nxe4 Nxe4 11. Qd5 Nc5 12. Bxc5 dxc5 13. Qxc5 Bf5 14. c3 Bh6 15. Qe3 Qb6 16. Qxb6 axb6 17. g3 Be4 18. Bg2 g5 19. fxg5 Bxg5 20. 0-0 Be3+ 21. Kh1 Bd5 22. Rfe1 Bh6 23. a3 e6 24. Rad1 Ra4 25. Nd4 Ra5 26. Bxd5 Rxd5 27. Nf5 Bg5 28. Rxd5 exd5 29. h4 Bd8 30. Rd1 Re8 31. Rxd5 Bc7 32. Kg2 Rxe5 33. Rxe5 Bxe5 34. Kf3 f6 35. Ke4 h5 36. g4 hxg4 37. Nh6+ Kg7 38. Nxg4 Bg3 39. h5 Bh4 40. Kf5 Bg5 41. h6+ Kh7 42. a4 Bc1 43. b3 Bb2 44. c4 Bd4 45. Nxf6+ Kxh6 46. Nd5 Kg7 47. Ke6 Kg6 48. Kd7 Kf5 49. Kc7 Ke4 50. Nxb6 Kd3 51. Nd5 Kc2 52. b4 Kb3 53. c5 Kxa4 54. Kxb7 Kb5 55. c6 Be5 56. c7 Bxc7 57. Kxc7 1-0

[Event "Subotica-ch op"]
[Site "Subotica"]
[Date "2020.03.11"]
[Round "8"]
[White "Vranic, Ljubomir"]
[Black "Mojzes, Aleksandar"]
[Result "0-1"]
[WhiteElo "2179"]
[BlackElo "2002"]
[PlyCount "94"]
[EventDate "2020.02.24"]
[EventType "swiss"]
[EventRounds "9"]
[EventCountry "SRB"]
[SourceTitle "CBM 195 Extra"]
[Source "ChessBase"]
[SourceDate "2020.05.31"]
[SourceVersion "1"]
[SourceVersionDate "2020.05.31"]
[SourceQuality "1"]

1. d4 g6 2. e4 Bg7 3. c4 d6 4. Nc3 Nd7 5. Be3 b6 6. Bd3 Bb7 7. Nge2 e6 8. Qd2 h6 9. h4 Ne7 10. Bc2 a6 11. Ba4 d5 12. cxd5 exd5 13. f3 b5 14. Bc2 Nb6 15. b3 Qd7 16. Rc1 b4 17. Nd1 dxe4 18. fxe4 Qg4 19. Nf2 Qd7 20. Qxb4 0-0 21. 0-0 Nc6 22. Qd2 h5 23. Rfd1 Rad8 24. Bb1 Nc8 25. d5 Ne5 26. Qb4 Nd6 27. Qa5 Ng4 28. Nxg4 Qxg4 29. Nd4 Nxe4 30. Nf3 c6 31. Qb4 Nd6 32. Qb6 cxd5 33. Bc5 d4 34. Rf1 Bxf3 35. Rxf3 Be5 36. Re1 Bh2+ 37. Kf1 Qxh4 38. Bxd4 Bg3 39. Rd1 Rfe8 40. Bf6 Qh2 41. Qg1 Rc8 42. Qxh2 Bxh2 43. Bd3 Ne4 44. Bxe4 Rxe4 45. Rd4 Rc1+ 46. Kf2 Bg1+ 47. Kg3 Bxd4 0-1

[Event "Subotica-ch op"]
[Site "Subotica"]
[Date "2020.02.24"]
[Round "1"]
[White "Vranic, Ljubomir"]
[Black "Hegedus, Antal"]
[Result "1-0"]
[WhiteElo "2179"]
[BlackElo "1898"]
[PlyCount "53"]
[EventDate "2020.02.24"]
[EventType "swiss"]
[EventRounds "9"]
[EventCountry "SRB"]
[SourceTitle "CBM 195 Extra"]
[Source "ChessBase"]
[SourceDate "2020.05.31"]
[SourceVersion "1"]
[SourceVersionDate "2020.05.31"]
[SourceQuality "1"]

1. d4 d5 2. Nf3 c6 3. Nbd2 e6 4. e4 Nf6 5. e5 Nfd7 6. Bd3 Be7 7. h4 c5 8. c3 b6 9. Qe2 Bb7 10. Nf1 a5 11. Ng5 g6 12. Qf3 Bxg5 13. Bxg5 Qc7 14. h5 Rg8 15. hxg6 hxg6 16. Rh7 Nf8 17. Rh4 Ba6 18. Bxa6 Rxa6 19. Ne3 Nc6 20. Qe2 c4 21. 0-0-0 b5 22. Rdh1 b4 23. Ng4 Nd7 24. Rh8 Ne7 25. Rxg8+ Nxg8 26. Rh8 Nb6 27. Nf6+ 1-0

[Event "Senta City-ch"]
[Site "Senta"]
[Date "2020.02.14"]
[Round "9"]
[White "Vranic, Ljubomir"]
[Black "Kincses, Viktor"]
[Result "1-0"]
[WhiteElo "2179"]
[BlackElo "1749"]
[PlyCount "79"]
[EventDate "2020.01.27"]
[EventType "swiss"]
[EventRounds "9"]
[EventCountry "SRB"]
[SourceTitle "CBM 195 Extra"]
[Source "ChessBase"]
[SourceDate "2020.05.31"]
[SourceVersion "1"]
[SourceVersionDate "2020.05.31"]
[SourceQuality "1"]

1. d4 Nf6 2. c4 d6 3. Nc3 g6 4. e4 Bg7 5. Bd3 0-0 6. Nge2 Nbd7 7. Bc2 Nb6 8. b3 c5 9. d5 e6 10. h3 exd5 11. exd5 Re8 12. 0-0 Nh5 13. Bd2 Be5 14. f4 Bg7 15. a4 Qh4 16. Be1 Qe7 17. Rf3 f5 18. Bd3 Bf6 19. a5 Nd7 20. Rb1 Qg7 21. Nb5 Nf8 22. Nxd6 Re7 23. b4 b6 24. bxc5 bxc5 25. Bf2 Bd4 26. Nxd4 cxd4 27. Bf1 Qh6 28. Qxd4 Rd7 29. c5 Qg7 30. a6 Nf6 31. Bc4 Ne4 32. Qxg7+ Kxg7 33. Bd4+ Nf6 34. Ne8+ Kf7 35. Nxf6 Re7 36. d6+ Re6 37. Rb7+ Bxb7 38. axb7 Rb8 39. c6 Rd8 40. Be5 1-0

[Event "Vojvodina-chT"]
[Site "Kovacica"]
[Date "2019.11.07"]
[Round "9.4"]
[White "Vranic, Ljubomir"]
[Black "Tancik, Kristijan"]
[Result "1/2-1/2"]
[WhiteElo "2211"]
[BlackElo "2260"]
[PlyCount "36"]
[EventDate "2019.11.01"]
[EventType "team-tourn"]
[EventRounds "11"]
[EventCountry "SRB"]
[SourceTitle "CBM 192 Extra"]
[Source "Chessbase"]
[SourceDate "2019.11.06"]
[SourceVersion "1"]
[SourceVersionDate "2019.11.06"]
[SourceQuality "1"]
[WhiteTeam "Senta"]
[BlackTeam "Sombor"]
[WhiteTeamCountry "SRB"]
[BlackTeamCountry "SRB"]

1. d4 Nf6 2. c4 g6 3. Nc3 d5 4. Nf3 Bg7 5. cxd5 Nxd5 6. Qb3 Nxc3 7. bxc3 c5 8. e3 Nc6 9. Bb5 0-0 10. 0-0 Bg4 11. Be2 Qc7 12. Ba3 Na5 13. Qa4 Bd7 14. Bb5 Bxb5 15. Qxb5 b6 16. dxc5 Rfc8 17. Bb4 Nb7 18. cxb6 axb6 1/2-1/2

[Event "Vojvodina-chT"]
[Site "Kovacica"]
[Date "2019.11.03"]
[Round "3.3"]
[White "Arbutina, Sinisa"]
[Black "Vranic, Ljubomir"]
[Result "1-0"]
[WhiteElo "2323"]
[BlackElo "2211"]
[PlyCount "97"]
[EventDate "2019.11.01"]
[EventType "team-tourn"]
[EventRounds "11"]
[EventCountry "SRB"]
[SourceTitle "CBM 192 Extra"]
[Source "Chessbase"]
[SourceDate "2019.11.06"]
[SourceVersion "1"]
[SourceVersionDate "2019.11.06"]
[SourceQuality "1"]
[WhiteTeam "Backa Pacir"]
[BlackTeam "Senta"]
[WhiteTeamCountry "SRB"]
[BlackTeamCountry "SRB"]

1. d4 Nf6 2. c4 d6 3. Nc3 Nbd7 4. e4 e5 5. Nge2 c6 6. f3 a6 7. Be3 h5 8. Qd2 Be7 9. d5 c5 10. g3 h4 11. Rg1 hxg3 12. hxg3 Nf8 13. Nc1 Ng6 14. a3 Nh7 15. Rh1 Nf6 16. Rxh8+ Nxh8 17. b4 b6 18. Nd3 Ng6 19. b5 Nh5 20. Ne2 Bd7 21. bxa6 Rxa6 22. Qb2 Bg5 23. Qd2 Bxe3 24. Qxe3 Qa8 25. Qc1 b5 26. cxb5 Bxb5 27. Qc3 Ra4 28. Nb2 Ra7 29. Kf2 Qd8 30. Nc4 Ra4 31. Qb3 Bd7 32. Nxd6+ Kf8 33. Nf5 Nf6 34. Ne3 Ne8 35. Nc4 Ra6 36. Rb1 Rf6 37. Qe3 Qc7 38. Qb3 Bc8 39. Qb8 Bg4 40. Bg2 Qe7 41. Rb6 Bd7 42. Rxf6 gxf6 43. Qb6 Kg7 44. d6 Qe6 45. Qxc5 f5 46. Bh3 Qf6 47. exf5 Nf8 48. Qxe5 Qxe5 49. Nxe5 1-0

[Event "Vojvodina-chT"]
[Site "Kovacica"]
[Date "2019.11.02"]
[Round "2.3"]
[White "Vranic, Ljubomir"]
[Black "Marceta, Dimitrije"]
[Result "1/2-1/2"]
[WhiteElo "2211"]
[BlackElo "1766"]
[PlyCount "120"]
[EventDate "2019.11.01"]
[EventType "team-tourn"]
[EventRounds "11"]
[EventCountry "SRB"]
[SourceTitle "CBM 192 Extra"]
[Source "Chessbase"]
[SourceDate "2019.11.06"]
[SourceVersion "1"]
[SourceVersionDate "2019.11.06"]
[SourceQuality "1"]
[WhiteTeam "Senta"]
[BlackTeam "Indija Sloga"]
[WhiteTeamCountry "SRB"]
[BlackTeamCountry "SRB"]

1. d4 Nf6 2. c4 g6 3. Nc3 Bg7 4. e4 d6 5. Bd3 0-0 6. Nge2 e5 7. d5 Nbd7 8. h3 Nc5 9. Bc2 a5 10. Bg5 h6 11. Be3 b6 12. Qd2 Kh7 13. g4 Ng8 14. Ng3 Bd7 15. 0-0-0 a4 16. Qe2 Qc8 17. Rdg1 f6 18. f3 Ne7 19. h4 Kg8 20. Qd2 g5 21. hxg5 hxg5 22. Nf5 Nxf5 23. gxf5 Kf7 24. Rh7 Rh8 25. Rgh1 Rxh7 26. Rxh7 Qa6 27. Qh2 Rg8 28. Qe2 Rh8 29. Rxh8 Bxh8 30. Bxc5 bxc5 31. a3 Bg7 32. Bd1 Be8 33. Kc2 Qb6 34. Kd3 Qa5 35. Qd2 Bh6 36. Bxa4 Bxa4 37. Nxa4 Qxa4 38. Qc2 Qa5 39. Qh2 Bg7 40. Qh5+ Kf8 41. Qh1 Qb6 42. Kc3 Qa5+ 43. Kd3 Qa4 44. Kc3 Qe8 45. Qh7 Qa8 46. Qh1 Kg8 47. Kd3 c6 48. dxc6 Qxc6 49. Kc3 Kf8 50. Kb3 Qb6+ 51. Ka2 Qa5 52. Qd1 Qa6 53. Qd5 Qb6 54. Qa8+ Kf7 55. Qc8 Bf8 56. Qe6+ Kg7 57. Qd7+ Kh8 58. Qe8 Kg8 59. Qe6+ Kg7 60. Qe8 Kg8 1/2-1/2

[Event "Senta op 23rd"]
[Site "Senta"]
[Date "2019.07.26"]
[Round "9"]
[White "Vranic, Ljubomir"]
[Black "Wu, David Tai Wei"]
[Result "1/2-1/2"]
[WhiteElo "2225"]
[BlackElo "1960"]
[PlyCount "58"]
[EventDate "2019.07.19"]
[EventType "swiss"]
[EventRounds "9"]
[EventCountry "SRB"]
[SourceTitle "EXT 2020"]
[Source "ChessBase"]
[SourceDate "2019.10.17"]
[SourceVersion "1"]
[SourceVersionDate "2019.10.17"]
[SourceQuality "1"]

1. d4 Nf6 2. c4 e6 3. Nc3 Bb4 4. Qb3 c5 5. Nf3 Nc6 6. e3 0-0 7. Bd2 d5 8. a3 Na5 9. Qa2 Bxc3 10. Bxc3 cxd4 11. Bxa5 Qxa5+ 12. b4 Qd8 13. Nxd4 a5 14. Qb2 Qe7 15. Nc2 e5 16. c5 Bf5 17. Rd1 axb4 18. axb4 b6 19. cxb6 Bxc2 20. Qxc2 Qxb4+ 21. Qd2 Qxb6 22. Bd3 d4 23. exd4 exd4 24. 0-0 Rad8 25. Rb1 Qd6 26. Qg5 Qd5 27. Qh4 Rb8 28. h3 h6 29. Qf4 Nd7 1/2-1/2

[Event "Senta op 23rd"]
[Site "Senta"]
[Date "2019.07.25"]
[Round "8"]
[White "Kuzmin, Yuriy"]
[Black "Vranic, Ljubomir"]
[Result "1/2-1/2"]
[WhiteElo "2219"]
[BlackElo "2225"]
[PlyCount "145"]
[EventDate "2019.07.19"]
[EventType "swiss"]
[EventRounds "9"]
[EventCountry "SRB"]
[SourceTitle "EXT 2020"]
[Source "ChessBase"]
[SourceDate "2019.10.17"]
[SourceVersion "1"]
[SourceVersionDate "2019.10.17"]
[SourceQuality "1"]

1. d4 c5 2. d5 d6 3. e4 g6 4. Nc3 Bg7 5. Nf3 Na6 6. Bb5+ Bd7 7. a4 Nc7 8. Bxd7+ Qxd7 9. 0-0 Nf6 10. e5 dxe5 11. Nxe5 Qf5 12. d6 0-0 13. Nxf7 Kxf7 14. dxc7 Rac8 15. Qe2 a6 16. Qc4+ e6 17. Bf4 Ne8 18. Rad1 Kg8 19. Bg3 Nxc7 20. Ne4 b5 21. Qe2 Be5 22. Nd6 Bxd6 23. Rxd6 Rfe8 24. Be5 Nd5 25. Rxa6 bxa4 26. Rxa4 Nb4 27. f4 Re7 28. c3 Qd3 29. Qf3 Qxf3 30. Rxf3 Nd5 31. b3 Rb7 32. c4 Nb6 33. Ra6 Kf7 34. Rd3 Nd7 35. Bb2 Rcb8 36. h3 Ke7 37. Ra3 h5 38. Bc1 Rf8 39. Be3 Rfb8 40. Bf2 Ke8 41. Bh4 Rb6 42. Bg5 R6b7 43. g4 hxg4 44. hxg4 Nf8 45. Kg2 Nh7 46. Bh4 Nf8 47. Bf2 Nd7 48. Rh3 Ke7 49. Rd3 Kf7 50. g5 Ke7 51. Kf3 Rf8 52. Kg4 e5 53. Bg3 exf4 54. Bxf4 Rf5 55. Re3+ Kf7 56. Ra8 Nf8 57. Rae8 Rd7 58. R8e5 Rxe5 59. Bxe5 Rd1 60. Rf3+ Ke7 61. Bf6+ Kd7 62. b4 cxb4 63. Rb3 Ke6 64. Rxb4 Nd7 65. Rb2 Nxf6+ 66. gxf6 Kxf6 67. Rc2 Ke6 68. c5 Kd7 69. c6+ Kc7 70. Kf4 Rd6 71. Kg5 Rxc6 72. Rxc6+ Kxc6 73. Kxg6 1/2-1/2